UBT Library

The law and the profits. (Record no. 263)

000 -LEADER
fixed length control field 00491cam a22001691 4500
005 - DATE AND TIME OF LATEST TRANSACTION
control field 20131111085520.0
008 - FIXED-LENGTH DATA ELEMENTS--GENERAL INFORMATION
fixed length control field 730208s1960 maua 000 0 eng
041 0# - LANGUAGE CODE
Language code of text/sound track or separate title eng
080 ## - UNIVERSAL DECIMAL CLASSIFICATION NUMBER
Universal Decimal Classification number 336.2
100 1# - Rafti
Rafti Parkinson, C. Northcote
100 1# - Rafti
-- (Cyril Northcote),
-- 1909-1993.
245 14 - TITLE STATEMENT
Title The law and the profits.
Statement of responsibility, etc Illustrated by Robert C. Osborn.
260 ## -
-- Boston,
-- Houghton Mifflin,
-- 1960.
300 ## -
-- 246 p.
-- illus.
-- 22 cm.
500 ## -
-- Preface : f. 7-8
650 #0 -
-- Taksat
942 ## - ADDED ENTRY ELEMENTS (KOHA)
Source of classification or shelving scheme
Item type Books
Holdings
Withdrawn status Lost status Source of classification or shelving scheme Damaged status Not for loan Collection code Permanent location Current location Shelving location Date acquired Total Checkouts Full call number Barcode Date last seen Koha item type
          Koleksioni i përgjithshem UBT - Prishtine UBT - Prishtine Koleksioni i përgjithshem 11/11/2013   336.2 NOR 001-000309 11/11/2013 Books
UBT Library © 2015-2024. All rights reserved University Education for Business and Technology